Statistics for Lineups: UEFA Champions League Final 2019

Click here to take the quiz!

General Stats

  • This quiz has been taken 124 times
  • The average score is 19 of 24

Answer Stats

No.Player% Correct
1(C)Hugo Lloris
99%
11Mohamed Salah
99%
20Dele Alli
98%
10Harry Kane
98%
7Son Heung-min
98%
66Trent Alexander-Arnold
98%
4Virgil van Dijk
98%
14(C)Jordan Henderson
97%
CoachJürgen Klopp
97%
10Sadio Mané
97%
13Alisson Becker
93%
9Roberto Firmino
93%
26Andrew Robertson
92%
32Joel Matip
88%
3Fabinho
81%
5Georginio Wijnaldum
76%
CoachMauricio Pochettino
75%
5Jan Vertonghen
66%
4Toby Alderweireld
56%
23Christian Eriksen
55%
2Kieran Trippier
44%
3Danny Rose
43%
17Moussa Sissoko
38%
8Harry Winks
33%

Score Distribution

Percentile by Number Answered

Percent of People with Each Score

Your Score History

You have not taken this quiz